header

Issues in risk assessment (Record no. 64188)

MARC details
000 -LEADER
fixed length control field 01406nam a2200337 a 4500
082 04 - DEWEY DECIMAL CLASSIFICATION NUMBER
Classification number 615.9/02
245 10 - TITLE STATEMENT
Title Issues in risk assessment
260 ## - PUBLICATION, DISTRIBUTION, ETC. (IMPRINT)
Place of publication Washington, DC :
Name of publisher National Academy Press,
Year of publication 1993.
300 ## - PHYSICAL DESCRIPTION
Number of Pages xvi, 356 p. :
Other physical details ill.
650 #0 - SUBJECT ADDED ENTRY--TOPICAL TERM
Topical Term Health risk assessment.
Topical Term Carcinogenicity testing.
Topical Term Ecology.
Topical Term Risk assessment.
Topical Term Environmental health.
856 40 - ELECTRONIC LOCATION AND ACCESS
Uniform Resource Identifier http://site.ebrary.com/lib/rucke/Doc?id=10055255

No items available.

© 2026 Rongo University
Contact us: librarian | system librarian | Rongo university